LEADER 01250nam a2200229 4500 001 000000353425 003 CaOOAMICUS 005 20230502153800.0 008 230412s1949 it 2 000 u ita r 040 $aSeMil$bita 100 1 $aBartesaghi, Luigi.$0(OLS)http://semarc/name/117504 245 10$aOrientamenti sulla responsabilità degli amministratori ospitalieri nel campo della rinnovazione ed ampliamento dei vecchi ospedali /$cprof. arch. Luigi Bartesaghi. 264 1$aTorino :$bTip. Silvestrelli e Cappelletto di S. Rosa Clot e c.,$c1949. 300 $a7 p. ;$c25 cm 500 $aEstratto da: L'Ospedale, n. 8 agosto 1949 650 4$aOspedali - Italia.$0(OLS)http://semarc/subject/18856 850 $aSeMil 852 $aSeMil$W1$xVenegono$y1$m5A IV 2/2$j239406$B244634$CSeMilBibl$Z2$F244634 $81 961 $aCon dedica autografa dell'autore Luigi Bartesaghi al Card. Ildefonso Schuster (dic. 1949) 996 $6245$aOrientamenti sulla responsabilità degli amministratori ospitalieri nel campo della rinnovazione ed ampliamento dei vecchi ospedali$9(OLS)http://semarc/title/443453 996 $6264$aTorino :$bTip. Silvestrelli e Cappelletto di S. Rosa Clot e c.$9(OLS)http://semarc/publisher/60920 LEADER 01352nam a2200289 i 4500 001 000000106628 003 CaOOAMICUS 005 20020730000000.0 008 020730s2002 it u000 u ita u 013 $a78822 020 $a88-311-0335-0 040 $aSeMil$bita 100 1 $aRuggiero, Fabio.$0(OLS)http://semarc/name/23155 245 13$aLa follia dei cristiani :$bla reazione pagana al cristianesimo nei secoli 1.-4 /$cFabio Ruggiero ; prefazione di Manlio Simonetti. 260 $aRoma :$bCittà Nuova,$c2002. 300 $a260 p. ;$c20 cm. 490 0 $aI volti della storia ;$v11 650 4$aCristianesimo - Rapporti [con l'] Impero Romano.$0(OLS)http://semarc/subject/6030 650 4$aCristiani - Persecuzioni - Età antica.$0(OLS)http://semarc/subject/2415 700 1 $aSimonetti, Manlio,$d<1926-2017>.$0(OLS)http://semarc/name/89094 830 2$aI volti della storia ;$v11.$0(OLS)http://semarc/title/611 850 $aSeMil 852 $aSeMil$W1$xVenegono$y1$m3C II 21$j62744$B62744$CSeMilBibl$Z2$F71893 $81 961 $aAcquisto: Città Nuova (Agente) 996 $6020$a88-311-0335-0$9(OLS)http://semarc/number/87377 996 $6245$aLa follia dei cristiani :$bla reazione pagana al cristianesimo nei secoli 1.-4$9(OLS)http://semarc/title/154669 996 $6260$aRoma :$bCittà Nuova$9(OLS)http://semarc/publisher/29609